000 00286nam a22001217a 4500
082 _a823
_bCLA/L
100 _aCLASSIC BOOKS
245 _aTHE LITTLE MERMAID
260 _aDELHI
_bCLASSIC BOOKS INTERNATIONAL
_c2003
300 _a224
650 _aCHILDRENS ILLUSTRATED CLASSICS
942 _cBK
999 _c279
_d279